| 000 | 00341nam a22001217a 4500 | ||
|---|---|---|---|
| 999 |
_c10292 _d10292 |
||
| 003 | OSt | ||
| 008 | 201212b ||||| |||| 00| 0 eng d | ||
| 245 | _aIndian Journal of Industrial Relations | ||
| 250 | _a2018(Jul Vol.54 No.1, Oct Vol.54 No.2) | ||
| 260 |
_aNew Delhi _bShri Ram Centre |
||
| 650 | _aMechanical Engineering | ||
| 942 |
_2ddc _cBV |
||